Instituciones de derecho sindical y corporativo /

Detalles Bibliográficos
Autor principal: Feroci, Virgilio, 1891-1943 (Autor)
Otros Autores: Agurto Gonzáles, Carlos Antonio (Editor), Quequejana Mamani, Sonia Lidia (Editor), Choque Cuenca, Benigno (Editor), Ruíz Manent, José Ma. (José Maria), 1892-1951 (Traductor)
Formato: Electrónico eBook
Lenguaje:español
italiano
Publicado: Santiago, Chile : Ediciones Olejnik, [2023]
Colección:Biblioteca de derecho del trabajo y de la seguridad social.
Materias:
Acceso en línea:Digitalia Hispánica

MARC

LEADER 00000nam a2200000Ii 4500
001 DIGOLEJNK1333
003 NyNyDIG
006 m o d
007 cr |||||||||||
008 251105s2023 cl o 000 0 spa d
035 |a (OCoLC)1527632104 
040 |a DGITA  |b eng  |e rda  |e pn  |c DGITA 
020 |z 9789564074139 
041 1 |a spa  |h ita 
043 |a e-it--- 
050 1 4 |a HF3616.I8 ebook 
100 1 |a Feroci, Virgilio,  |d 1891-1943,  |e author. 
240 1 0 |a Istituzioni di diritto sindacale e corporativo.  |l Spanish  |s (Ruíz Manent) 
245 1 0 |a Instituciones de derecho sindical y corporativo /  |c Virgilio Feroci ; edición al cuidado de Carlos Antonio Agurto Gonzáles, Sonia Lidia Quequejana Mamani, Benigno Choque Cuenca ; traducción de José María Ruiz Manent. 
264 1 |a Santiago, Chile :  |b Ediciones Olejnik,  |c [2023] 
300 |a 1 online resource. 
336 |a text  |b txt  |2 rdacontent 
337 |a computer  |b c  |2 rdamedia 
338 |a online resource  |b cr  |2 rdacarrier 
347 |a text file  |2 rdaft 
347 |b PDF 
490 1 |a Biblioteca de derecho del trabajo 
588 0 |a Online resource; title from PDF title page (Digitalia, viewed November 5, 2025) 
650 0 |a Industrial policy  |z Italy. 
650 0 |a Labor laws and legislation  |z Italy. 
650 0 |a Professional associations  |z Italy. 
700 1 |a Agurto Gonzáles, Carlos Antonio,  |e editor. 
700 1 |a Quequejana Mamani, Sonia Lidia,  |e editor. 
700 1 |a Choque Cuenca, Benigno,  |e editor. 
700 1 |a Ruíz Manent, José Ma.  |q (José Maria),  |d 1892-1951,  |e translator. 
700 1 |i Translation of:  |a Feroci, Virgilio,  |d 1891-1943.  |t Istituzioni di diritto sindacale e corporativo. 
791 2 |a Digitalia (Firm),  |e distributor. 
793 0 |g Digitalia eBook Collection:  |a Ediciones Olejnik 
776 0 8 |i Print version:  |a Feroci, Virgilio, 1891-1943.  |s Istituzioni di diritto sindacale e corporativo. Spanish (Ruíz Manent).  |t Instituciones de derecho sindical y corporativo.  |b Primera edición en Ediciones Olejnik.  |d Santiago, Chile : Ediciones Olejnik, 2023  |z 9789564074139 
830 0 |a Biblioteca de derecho del trabajo y de la seguridad social. 
856 4 0 |3 Digitalia Hispánica  |u https://www.digitaliapublishing.com/a/157842/ 
910 |a Premium collection: 2025